|
|
|
|
| LEADER |
02112nam a2200565 i 4500 |
| 001 |
nkc20162773735 |
| 003 |
CZ PrNK |
| 005 |
20160412094701.0 |
| 007 |
ta |
| 008 |
160331s2016 xr aeh e f 000 0 cze |
| 015 |
|
|
|a cnb002773735
|
| 020 |
|
|
|a 978-80-260-9363-3
|q (vázáno)
|
| 035 |
|
|
|a (OCoLC)949214302
|
| 040 |
|
|
|a BOA001
|b cze
|e rda
|
| 043 |
|
|
|a e-xr---
|b e-xr-us
|2 czenas
|
| 072 |
|
7 |
|a 712
|x Plánování krajiny. Parky. Zahrady
|2 Konspekt
|9 24
|
| 080 |
|
|
|a 712.26:728.82
|2 MRF
|
| 080 |
|
|
|a 582.091/.097
|2 MRF
|
| 080 |
|
|
|a 712.3/.7
|2 MRF
|
| 080 |
|
|
|a (437.315)
|2 MRF
|
| 080 |
|
|
|a (036)
|2 MRF
|
| 080 |
|
|
|a (084.12)
|2 MRF
|
| 100 |
1 |
|
|a Novák, Ivo,
|d 1961-
|7 mzk2016908388
|4 aut
|
| 245 |
1 |
0 |
|a Průvodce zámeckým parkem v Klášterci nad Ohří /
|c Ivo Novák
|
| 250 |
|
|
|a Vydání první
|
| 264 |
|
1 |
|a Klášterec nad Ohří :
|b Město Klášterec nad Ohří,
|c 2016
|
| 300 |
|
|
|a 65 stran :
|b ilustrace (převážně barevné), plány, faksimile ;
|c 22 cm
|
| 336 |
|
|
|a text
|b txt
|2 rdacontent
|
| 336 |
|
|
|a statický obraz
|b sti
|2 rdacontent
|
| 337 |
|
|
|a bez média
|b n
|2 rdamedia
|
| 338 |
|
|
|a svazek
|b nc
|2 rdacarrier
|
| 500 |
|
|
|a 1500 výtisků
|
| 504 |
|
|
|a Obsahuje bibliografii
|
| 650 |
0 |
7 |
|a zámecké parky
|7 ph116799
|z Česko
|2 czenas
|
| 650 |
0 |
7 |
|a dřeviny
|7 ph114402
|z Česko
|2 czenas
|
| 650 |
0 |
7 |
|a zahradní architektura
|7 ph116723
|z Česko
|2 czenas
|
| 650 |
0 |
9 |
|a chateau parks
|z Czechia
|2 eczenas
|
| 650 |
0 |
9 |
|a woody plants
|z Czechia
|2 eczenas
|
| 650 |
0 |
9 |
|a garden architecture
|z Czechia
|2 eczenas
|
| 651 |
|
7 |
|a Zámecký park v Klášterci nad Ohří (Klášterec nad Ohří, Česko)
|7 ge909940
|2 czenas
|
| 651 |
|
9 |
|a Zámecký park Klášterec nad Ohří (Klášterec nad Ohří, Czechia)
|2 eczenas
|
| 655 |
|
7 |
|a průvodce
|7 fd133154
|2 czenas
|
| 655 |
|
7 |
|a fotografické publikace
|7 fd132276
|2 czenas
|
| 655 |
|
9 |
|a guidebooks
|2 eczenas
|
| 655 |
|
9 |
|a photographical works
|2 eczenas
|
| 910 |
2 |
|
|a BOA001
|b 2-1364.637
|
| 990 |
|
|
|a BK
|
| 995 |
|
|
|a 01
|
| 991 |
|
|
|b 201604
|c NOV
|
| 996 |
6 |
|
|b 2610665633
|c 2-1364.637
|l MZK
|r Sklad / do 1 hodiny
|n 0
|p p.v.
|w 001554262
|u 000010
|a 1
|e BOA001
|j MZK50
|s P
|